000 00734nam a2200205 i 4500
001 140807
003 ES-MaACL
005 20250815062608.0
007 t|
008 070917s1925 sp ||||1| spa d
100 0 _aWells, H. G.,
_d1866-1946
_9116458
245 1 0 _aEsquema de la historia
_b: historia sencilla de la vida y de la humanidad /
_cpor H. G. Wells ; [traducción de Enrique Diez Canedo y Ricardo Baeza].
260 _a[Madrid] :
_bAtenea,
_c1925 (
_fImpr. Clásica Española)
300 _a2 v. ;
_c28 cm.
650 7 _aHistoria universal
_2embne
_913429
700 1 _aDíez-Canedo, Enrique,
_d1879-1944
_944685
700 1 _aBaeza, Ricardo,
_d1890-1956
_924620
852 _aES-MaACL
_jB-3854-55
999 _c140807
_d140807